000 00498nam a2200205Ia 4500
003 LK-CoDNM
005 20240926145654.0
008 010623t xxu||||| |||| 00| 1 eng d
040 _aLK-CoDNM
_dLK-CoDNM
_eLK-CoDNM
041 _aeng
080 _a24
_bG23
100 _aGrenier,Joseph.
245 _aLeaves from my Life.
260 _bTimes of Ceylon
_aColombo
300 _b294p. : 22 cm
650 _aGrenier,Joseph.
650 _aLeaves from my Life.
650 _a24 G23
942 _cBK
999 _c134883
_d134883